Top 5 Basketball Recruits by State - 2025 - Statistics

General Stats
  • This quiz has been taken 3 times
  • The average score is 9 of 169
Answer Stats
State # Player Current Team % Correct
Florida 3 Cameron Boozer Duke Blue Devils
100%
Utah 2 AJ Dybantsa BYU Cougars
67%
Minnesota 171 Chase Thompson Clemson Tigers
67%
Minnesota N/A Nolan Groves Texas Tech Red Raiders
67%
Minnesota 121 Tommy Ahneman Notre Dame Fighting Irish
67%
Tennessee 93 Trey Thompson Iowa Hawkeyes
67%
California 10 Alijah Arenas USC Trojans
33%
Wisconsin 64 Amari Allen Alabama Crimson Tide
33%
Georgia 50 Amari Evans Tennessee Volunteers
33%
Minnesota N/A Brady Wooley Yale Bulldogs
33%
Georgia 8 Caleb Wilson North Carolina Tar Heels
33%
Florida 1 Darryn Peterson Kansas Jayhawks
33%
Ohio 88 Dorian Jones Rutgers Scarlet Knights
33%
Massachusetts 154 Fridrik Leo Curtis Nebraska Cornhuskers
33%
Minnesota N/A Jalen Wilson Northern Iowa Panthers
33%
Arizona 138 Jalin Holland Colorado Buffaloes
33%
Georgia 24 Jasper Johnson Kentucky Wildcats
33%
Kentucky N/A Keashawn Jordan Triton Trojans
33%
Arizona 11 Koa Peat Arizona Wildcats
33%
Mississippi 194 Mike Williams Jackson State Tigers
33%
Utah 37 Xavion Staton BYU Cougars
33%
Washington, D.C. 48 Acaden Lewis Villanova Wildcats
0%
Maryland 78 Adrien Stevens Marquette Golden Eagles
0%
California 60 Alec Blair Oklahoma Sooners
0%
Illinois N/A Aleks Alston Maryland Terrapins
0%
Missouri 44 A'mare Bynum Ohio State Buckeyes
0%
Arkansas N/A Amare Neal Georgia Southern Eagles
0%
Massachusetts 85 Amir Jenkins West Virginia Mountaineers
0%
Ohio 156 Antione West Purdue Boilermakers
0%
Kentucky N/A Armelo Boone Western Kentucky Hilltoppers
0%
Mississippi N/A Ashton Magee Southern Jaguars
0%
Indiana 97 Azavier Robinson Butler Bulldogs
0%
Connecticut 220 Badara Diakite Saint Louis Billikens
0%
Rhode Island 225 Barrett Loer Rhode Island Rams
0%
Connecticut 110 Ben Ahmed Oklahoma State Cowboys
0%
Idaho N/A Boden Howell Rice Owls
0%
New Jersey 98 Brandon Lee Illinois Fighting Illini
0%
New York 224 Brandon Stores Georgia Tech Yellow Jackets
0%
California 9 Brayden Burries Arizona Wildcats
0%
West Virginia 33 Braydon Hawthorne Kentucky Wildcats
0%
Indiana 12 Braylon Mullins Connecticut Huskies
0%
Tennessee 219 Cade Bennerman Northwestern Wildcats
0%
Oklahoma N/A Cal Furnish Oral Roberts Golden Eagles
0%
Michigan N/A Cameron Hutson Saint Louis Billikens
0%
Maryland 46 Cam Ward Michigan State Spartans
0%
Utah 102 Chamberlain Burgess BYU Cougars
0%
Virginia 55 Chance Mallory Virginia Cavaliers
0%
Missouri 7 Chris Cenac Jr. Houston Cougars
0%
Maryland 73 Chris Jeffrey Villanova Wildcats
0%
Tennessee N/A Christian Brown James Madison Dukes
0%
Washington, D.C. 116 Christian Gurdak Virginia Tech Hokies
0%
Florida 19 CJ Ingram Florida Gators
0%
Nevada 203 CJ Shaw UC Santa Barbara Gauchos
0%
Massachusetts 120 Collins Onyejiaka Alabama Crimson Tide
0%
Tennessee N/A Cortez Graham-Howard North Alabama Lions
0%
Massachusetts 226 Daithi Quinn East Carolina Pirates
0%
Oklahoma N/A Damario Adams Northeastern Oklahoma A&M Norsemen
0%
Ohio 200 Damon Friery Dayton Flyers
0%
New York 230 Danny Carbuccia Massachusetts Minutemen
0%
Florida 5 Darius Acuff Jr. Arkansas Razorbacks
0%
Indiana 39 Darius Adams Maryland Terrapins
0%
Delaware N/A Darnell Lloyd Uncommitted
0%
Missouri 62 Davion Hannah Alabama Crimson Tide
0%
Arizona 31 Davis Fogle Gonzaga Bulldogs
0%
Washington, D.C. 45 Derek Dixon North Carolina Tar Heels
0%
Alabama 109 DeWayne Brown Tennessee Volunteers
0%
Illinois 161 Dietrich Richardson Bradley Braves
0%
New Hampshire 29 Dwayne Aristode Arizona Wildcats
0%
Rhode Island N/A Dylan Veillette Merrimack Warriors
0%
Kentucky 212 EJ Walker South Carolina Gamecocks
0%
North Carolina 69 Eli Ellis South Carolina Gamecocks
0%
Iowa N/A Emiliano Barrantes UIC Flames
0%
Maryland 144 Emmanuel Kanga George Mason Patriots
0%
Maryland 36 Eric Reibe Connecticut Huskies
0%
Oregon N/A Hunter Carter Hawaii Rainbow Warriors
0%
Illinois 111 Ian Miletic Marquette Golden Eagles
0%
Oregon 147 Isaac Carr Wake Forest Demon Deacons
0%
North Carolina 53 Isaiah Denis North Carolina Tar Heels
0%
Arkansas 112 Isaiah Sealy Arkansas Razorbacks
0%
Utah 16 Isiah Harwell Houston Cougars
0%
Kansas 244 Ivan Juric Penn State Nittany Lions
0%
New Jersey 199 Jack Bailey Boston College Eagles
0%
Iowa 143 Jack McCaffrey Butler Bulldogs
0%
Alabama N/A Jacobe Whitehead Tennessee Tech Golden Eagles
0%
Alabama N/A Jacoby Hill Jacksonville State Gamecocks
0%
Texas 30 Jaden Toombs SMU Mustangs
0%
Arkansas N/A Jai'Chaunn Hayes Arkansas-Pine Bluff Golden Lions
0%
Arizona 114 Jaion Pitt Pacific Tigers
0%
Pennsylvania 180 Jake West Northwestern Wildcats
0%
Indiana 18 Jalen Haralson Notre Dame Fighting Irish
0%
Nevada N/A Jalen St. Clair Delaware State Hornets
0%
Wisconsin 42 Jamarion Batemon Iowa State Cyclones
0%
Mississippi 126 Jamarion Davis-Fleming Mississippi State Bulldogs
0%
Oklahoma 162 Jax Kerr Saint Louis Billikens
0%
Pennsylvania 122 Jayden Forsythe West Virginia Mountaineers
0%
Connecticut N/A Jayden Reid Quinnipiac Bobcats
0%
Delaware N/A Jayden Taylor Delaware Blue Hens
0%
Massachusetts 80 Jaylen Harrell Providence Friars
0%
Washington 127 Jaylen Petty Texas Tech Red Raiders
0%
Missouri 51 Jerry Easter USC Trojans
0%
Michigan 239 JJ Frakes Oregon Ducks
0%
Utah 74 JJ Mandaquit Washington Huskies
0%
Missouri 76 John Clark Texas Longhorns
0%
Virginia 54 Jordan Scott Michigan State Spartans
0%
South Carolina 241 Jordan Watford Queens Royals
0%
Colorado 132 Josiah Sanders Colorado Buffaloes
0%
Washington N/A Juju Ervin Uncommitted
0%
North Carolina 59 Kaden Magwood Auburn Tigers
0%
Washington N/A Kaden Powers Rutgers Scarlet Knights
0%
Texas 49 Kayden Edwards TCU Horned Frogs
0%
New York 34 Kayden Mingo Penn State Nittany Lions
0%
Kansas 150 Keaton Wagler Illinois Fighting Illini
0%
Mississippi N/A Kedrick Simmons Jackson State Tigers
0%
Arkansas N/A Kellen Robinson Little Rock Trojans
0%
New Hampshire 57 Keyshuan Tillery Cincinnati Bearcats
0%
Louisiana N/A Kieran Mullen Pittsburgh Panthers
0%
Texas 20 Kingston Flemings Houston Cougars
0%
New York 32 Kiyan Anthony Syracuse Orange
0%
Pennsylvania 137 KJ Cochran Santa Clara Broncos
0%
North Carolina 72 Kohl Rosario Kansas Jayhawks
0%
Wisconsin 146 Kruz McClure DePaul Blue Demons
0%
Nevada N/A Lantz Stephenson Uncommitted
0%
Connecticut 38 London Jemison Alabama Crimson Tide
0%
Michigan 177 Macari Moore Pittsburgh Panthers
0%
Kentucky N/A Maddox Huff East Tennessee State Buccaneers
0%
Kentucky 27 Malachi Moreno Kentucky Wildcats
0%
North Carolina 96 Marcus Jackson Arizona State Sun Devils
0%
New Hampshire 113 Mason Blackwood Penn State Nittany Lions
0%
Pennsylvania 108 Matt Gilhool LSU Tigers
0%
Kansas N/A Mekhi Ragland Oklahoma State Cowboys
0%
Georgia 13 Meleek Thomas City Reapers - OTE
0%
Florida 6 Mikel Brown Jr. Louisville Cardinals
0%
Arizona 17 Mouhamed Sylla Georgia Tech Yellow Jackets
0%
New Jersey 211 Naas Hart La Salle Explorers
0%
New Jersey 71 Najai Hines Seton Hall Pirates
0%
Virginia 4 Nate Ament Tennessee Volunteers
0%
Kansas 204 Nic Anderson Loyola Chicago Ramblers
0%
New York 86 Nigel James Marquette Golden Eagles
0%
California 15 Nikolas Khamenia Duke Blue Devils
0%
Kansas N/A Noah Hill Wichita State Shockers
0%
Washington, D.C. 56 Nyk Lewis VCU Rams
0%
Washington, D.C. 106 Omari Witherspoon Pittsburgh Panthers
0%
Pennsylvania 164 Onyx Nnani South Florida Bulls
0%
Illinois N/A Phoenix Gill Northwestern Wildcats
0%
New Jersey 191 Ramon Soyoye Baylor Bears
0%
Ohio 176 RJ Greer Davidson Wildcats
0%
South Carolina N/A Robert Moore Tulane Green Wave
0%
Virginia 83 Ryan Crotty Oklahoma State Cowboys
0%
New Hampshire 104 Ryder Frost Notre Dame Fighting Irish
0%
Alabama N/A Salim London UAB Blazers
0%
New Hampshire 47 Sebastian Wilkins Duke Blue Devils
0%
Texas 52 Sebastian Williams-Adams Auburn Tigers
0%
Tennessee N/A Shane Cherry Tallahassee State Eagles
0%
Texas 25 Shelton Henderson Miami Hurricanes
0%
Virginia 91 Silas Barksdale Virginia Cavaliers
0%
Alabama 163 Simon Walker Auburn Tigers
0%
Michigan N/A Stevie Elam Milwaukee Panthers
0%
Oklahoma N/A Tate Sage Iowa Hawkeyes
0%
Arkansas 174 Terrion Burgess Little Rock Trojans
0%
Connecticut N/A Tim Walker Uncommitted
0%
California 14 Tounde Yessoufou Baylor Bears
0%
Indiana 92 Tre Singleton Northwestern Wildcats
0%
Iowa 192 Trevin Jirak Iowa Hawkeyes
0%
Michigan 21 Trey McKenney Michigan Wolverines
0%
Illinois 195 Tristian Ford Murray State Racers
0%
Ohio 210 Tyler Kropp Northwestern Wildcats
0%
Wisconsin 142 Xzavion Mitchell Iowa State Cyclones
0%
Georgia 63 Zac Foster Clemson Tigers
0%
Wisconsin 125 Zach Kinziger Wisconsin Badgers
0%
No matching quizzes found
Score Distribution
Percent of People with Each Score
Percentile by Number Answered
Your Score History
You have not taken this quiz